Топология регулярных вычислительных сетей и сред

Библиографические подробности
Главный автор: Артамонов Г. Т. Герман Тимофеевич
Язык:русский
Опубликовано: Москва, Радио и связь, 1985
Предметы:
Формат: MixedMaterials Книга
Запись в KOHA:https://koha.lib.tpu.ru/cgi-bin/koha/opac-detail.pl?biblionumber=274298

MARC

LEADER 00000nam0a2200000 4500
001 274298
005 20231101234720.0
020 |a RU  |b 85-99012 
035 |a (RuTPU)RU\TPU\book\297508 
090 |a 274298 
100 |a 20141101d1985 k y0rusy5003 ca 
101 0 |a rus 
102 |a RU 
105 |a y z 000zy 
200 1 |a Топология регулярных вычислительных сетей и сред  |f Г. Т. Артамонов 
210 |a Москва  |c Радио и связь  |d 1985 
215 |a 192 с. 
606 1 |a Вычислительные сети  |2 stltpush  |3 (RuTPU)RU\TPU\subj\4245  |9 83254 
610 1 |a синтез 
610 1 |a топология 
610 1 |a вычислительные среды 
610 1 |a классификация 
610 1 |a технические характеристики 
610 1 |a магистральные сети 
675 |a 681.324  |z rus  |v 3 
700 1 |a Артамонов  |b Г. Т.  |g Герман Тимофеевич  |4 070 
801 0 |a RU  |b RuMRKP  |c 19950704  |g psbo 
801 1 |a RU  |b 63413507  |c 20141101 
801 2 |a RU  |b 63413507  |c 20170323  |g RCR 
942 |c BK